000 01261namaa22003251i 4500
005 20260329143518.0
008 260329s1994 ua a|||frm||| 00| 0 eng d
040 _aEG-GICUC
_beng
_cEG-GICUC
_dEG-GICUC
_erda
041 0 _aeng
_beng
_bara
049 _aDeposit
097 _aM.Sc
099 _aCai01.11.24.M.Sc.1994.Ha.M
100 0 _a Hala Atta Youssef
_epreparation.
245 1 0 _aManagement of acute severe asthma /
_cBy Hala Atta Youssef ; Supervised By Prof. Dr. Soad Eshake, Prof. Dr. Zeinab Radwan.
_bRemainder of title /
246 1 5 _aمعالجة الأزمة الحادة
264 0 _c1994.
300 _a177 pages :
_billustrations ;
_c30 cm. +
336 _2rda content
_atext
337 _2rdamedia
_aUnmediated
338 _2rdacarrier
_avolume
502 _aThesis (M.Sc.)-Cairo University, 1994.
504 _aBibliography: pages 158-177
653 0 _apediatrics
653 0 _aacute severe asthma
700 0 _aProf. Dr. Soad Eshake.
_ethesis advisor.
700 0 _aProf. Dr. Zeinab Radwan.
_ethesis advisor.
900 _DDepartment of pediatrics
_FFaculty of medicine
_UCairo University
_b1994.
_cProf. Dr. Soad Eshake.
_cProf. Dr. Zeinab Radwan.
_dProf. Dr. Soad Eshake.
905 _aNermeen-A
942 _2ddc
_cTH
_e21
_n0
999 _c179085